000 01069cam a2200217 4500
001 ##L131318
008 051019n2005 000 0 eng u
035 _a(Sirsi) u131318
041 0 _aeng
050 0 4 _a306.1 $2 18
110 1 _aUnited Kingdom
_bOffice of the Deputy Prime Minister
245 0 0 _aSurvey of English Housing provisional results
_b2004/05
260 _aLondon
_bODPM
_c2005
490 0 _aODPM Housing Statistics Summary
_v(25) October 2005
520 _aThe Survey of English Housing (SEH) is a continuous household survey carried out for the ODPM by the National Centre for Social Research. The SEH provides important housing data on owner occupation and on the social and private rented sectors. This preview presents some of the key findings from the 2004/05 survey.
590 _aIKA251005
650 2 4 _aSURVEY OF ENGLISH HOUSING
690 _aPROPERTY-RESIDENTIAL PROPERTY
856 4 0 _uhttps://www.communities.gov.uk/documents/housing/pdf/141542.pdf
_zView the provisional SEH results free of charge at www.dclg.gov.uk...
942 _n0
999 _c104712
_d104712